000 00669nam a22002297a 4500
003 UA-OsUOA
001 826
007 ta
008 20050706b un ||||| |||| 00| 0 ukr d
100 _aШахматов А.А.
090 _a81.366(091):161.1
_bШ31
942 _cBK
040 _aUA-OsUOA
_brus
_cUA-OsUOA
_dUA-OsUOA
245 _aИсторическая морфология русского языка
300 _a396 с.
955 _a1
041 _arus
080 _a81.366(091):161.1
260 _aМ.
_c1957
650 7 _a8 Мовознавство. Художня література. Літературознавство
_2UDC
999 _c286993
_d286993